000
00297nam a2200133Ia 4500
100
_a
Cohen/Bernard L
942
_c
BK
654
_a
nuclear
245
_a
Concepts of Nuclear Physics
260
_b
Tata Mc Graw hill
_a
New Delhi
_c
1971
082
_a
539.7
_b
COH
300
_a
437
546
_a
ENGLISH
999
_c
23240
_d
23240